000
00228nam a22000857a 4500
008
161124b xxu||||| |||| 00| 0 eng d
100
_9
1413
_a
Jain.T.R.etal
245
_a
Indian Economc Devolopment-XI
260
_a
New Delhi
_b
V.K.G.
_c
2012
999
_c
4130
_d
4130